Zerobaseone - members - Statistics

General Stats
  • This quiz has been taken 382 times
  • The average score is 8 of 9
Answer Stats
Answer % Correct
Ricky
96%
Zhang Hao
94%
Hanbin
92%
Matthew
91%
Gyuvin
90%
Gunwook
89%
Yujin
89%
Jiwoong
87%
Taerae
87%
No matching quizzes found
Score Distribution
Percent of People with Each Score
Percentile by Number Answered
Your Score History
You have not taken this quiz